| 000 | 00730nmc a2200253 a 4500 | ||
|---|---|---|---|
| 003 | AR-BaBNM | ||
| 005 | 20251128211135.0 | ||
| 008 | 132120s1975 ||||||||||||||000 | spa|| | ||
| 040 | _cAR-BaBNM | ||
| 100 | 1 | _aDaus, Federico Alberto | |
| 245 | 1 | 0 |
_aEl desarrollo argentino _bvisión retrospectiva, apreciación cultural, programa de futuro |
| 260 |
_aBuenos Aires _bEl Ateneo _c1975 |
||
| 300 | _a114 p. | ||
| 490 | 0 | _aBiblioteca de Ciencias Económicas. Economía | |
| 650 | 4 | _aHISTORIA ARGENTINA | |
| 650 | 4 | _aHISTORIA ECONOMICA | |
| 650 | 4 | _aDESARROLLO ECONOMICO | |
| 650 | 4 | _aSIGLO VEINTE | |
| 650 | 4 | _aDEMOGRAFIA | |
| 650 | 4 | _aCRECIMIENTO ECONOMICO | |
| 651 | 4 | _aArgentina | |
| 942 | _cBK | ||
| 998 | _cmariana | ||
| 999 |
_c18416 _d18416 |
||